<?xml version="1.0" encoding="UTF-8"?>
<collection xmlns="http://www.loc.gov/MARC21/slim">
 <record>
  <leader>04085cam a2200721   4500</leader>
  <controlfield tag="001">173551067X</controlfield>
  <controlfield tag="003">DE-627</controlfield>
  <controlfield tag="005">20240212081007.0</controlfield>
  <controlfield tag="007">tu</controlfield>
  <controlfield tag="008">201014s2020    sp |||||      00| ||spa c</controlfield>
  <datafield tag="020" ind1=" " ind2=" ">
   <subfield code="a">9788490914458</subfield>
   <subfield code="c">(Minsterio de Defensa0)</subfield>
   <subfield code="9">978-84-9091-445-8</subfield>
  </datafield>
  <datafield tag="020" ind1=" " ind2=" ">
   <subfield code="a">9788490962428</subfield>
   <subfield code="c">(Casa de Velázquez)</subfield>
   <subfield code="9">978-84-9096-242-8</subfield>
  </datafield>
  <datafield tag="035" ind1=" " ind2=" ">
   <subfield code="a">(DE-627)173551067X</subfield>
  </datafield>
  <datafield tag="035" ind1=" " ind2=" ">
   <subfield code="a">(DE-599)KXP173551067X</subfield>
  </datafield>
  <datafield tag="035" ind1=" " ind2=" ">
   <subfield code="a">(OCoLC)1225647096</subfield>
  </datafield>
  <datafield tag="035" ind1=" " ind2=" ">
   <subfield code="a">(ZDB-21-EIL)4698496</subfield>
  </datafield>
  <datafield tag="040" ind1=" " ind2=" ">
   <subfield code="a">DE-627</subfield>
   <subfield code="b">ger</subfield>
   <subfield code="c">DE-627</subfield>
   <subfield code="e">rda</subfield>
  </datafield>
  <datafield tag="041" ind1=" " ind2=" ">
   <subfield code="a">spa</subfield>
  </datafield>
  <datafield tag="044" ind1=" " ind2=" ">
   <subfield code="c">XA-ES</subfield>
  </datafield>
  <datafield tag="050" ind1=" " ind2="0">
   <subfield code="a">NA</subfield>
  </datafield>
  <datafield tag="082" ind1="0" ind2=" ">
   <subfield code="a">729</subfield>
  </datafield>
  <datafield tag="084" ind1=" " ind2=" ">
   <subfield code="a">KUNST</subfield>
   <subfield code="q">DE-16</subfield>
   <subfield code="2">fid</subfield>
  </datafield>
  <datafield tag="084" ind1=" " ind2=" ">
   <subfield code="a">21.84</subfield>
   <subfield code="2">bkl</subfield>
  </datafield>
  <datafield tag="084" ind1=" " ind2=" ">
   <subfield code="a">20.31</subfield>
   <subfield code="2">bkl</subfield>
  </datafield>
  <datafield tag="245" ind1="1" ind2="3">
   <subfield code="a">La decoración ideada por François Grognard para los apartamentos de la Duquesa de Alba en el Palacio de Buenavista</subfield>
   <subfield code="c">por Concha Herrero Carretero, Álvaro Molina y Jesusa Vega ; con textos originales de François Grognard</subfield>
  </datafield>
  <datafield tag="264" ind1=" " ind2="1">
   <subfield code="a">Madrid</subfield>
   <subfield code="b">Minsterio de Defensa</subfield>
   <subfield code="c">2020</subfield>
  </datafield>
  <datafield tag="264" ind1=" " ind2="1">
   <subfield code="a">Madrid</subfield>
   <subfield code="b">Casa de Velázquez</subfield>
   <subfield code="c">2020</subfield>
  </datafield>
  <datafield tag="300" ind1=" " ind2=" ">
   <subfield code="a">470 Seiten</subfield>
   <subfield code="b">Illustrationen</subfield>
   <subfield code="c">22 cm</subfield>
  </datafield>
  <datafield tag="336" ind1=" " ind2=" ">
   <subfield code="a">Text</subfield>
   <subfield code="b">txt</subfield>
   <subfield code="2">rdacontent</subfield>
  </datafield>
  <datafield tag="337" ind1=" " ind2=" ">
   <subfield code="a">ohne Hilfsmittel zu benutzen</subfield>
   <subfield code="b">n</subfield>
   <subfield code="2">rdamedia</subfield>
  </datafield>
  <datafield tag="338" ind1=" " ind2=" ">
   <subfield code="a">Band</subfield>
   <subfield code="b">nc</subfield>
   <subfield code="2">rdacarrier</subfield>
  </datafield>
  <datafield tag="490" ind1="1" ind2=" ">
   <subfield code="a">Collection de la Casa de Velázquez</subfield>
   <subfield code="v">177</subfield>
  </datafield>
  <datafield tag="500" ind1=" " ind2=" ">
   <subfield code="a">F. Grognard (1748-1823)</subfield>
  </datafield>
  <datafield tag="500" ind1=" " ind2=" ">
   <subfield code="a">Includes bibliographical references (pages 439-455) and indexes</subfield>
  </datafield>
  <datafield tag="546" ind1=" " ind2=" ">
   <subfield code="a">Text in Spanish; includes texts by François Grognard in Spanish translation from original French</subfield>
  </datafield>
  <datafield tag="583" ind1="1" ind2=" ">
   <subfield code="a">Archivierung/Langzeitarchivierung gewährleistet</subfield>
   <subfield code="f">FID</subfield>
   <subfield code="2">pdager</subfield>
   <subfield code="5">DE-16</subfield>
  </datafield>
  <datafield tag="655" ind1=" " ind2="7">
   <subfield code="a">Quelle</subfield>
   <subfield code="0">(DE-588)4135952-5</subfield>
   <subfield code="0">(DE-627)105661236</subfield>
   <subfield code="0">(DE-576)209665084</subfield>
   <subfield code="2">gnd-content</subfield>
  </datafield>
  <datafield tag="689" ind1="0" ind2="0">
   <subfield code="d">p</subfield>
   <subfield code="0">(DE-588)1220250449</subfield>
   <subfield code="0">(DE-627)1736597612</subfield>
   <subfield code="a">Grognard, François</subfield>
   <subfield code="d">1748-1823</subfield>
   <subfield code="2">gnd</subfield>
  </datafield>
  <datafield tag="689" ind1="0" ind2="1">
   <subfield code="d">p</subfield>
   <subfield code="0">(DE-588)120500310</subfield>
   <subfield code="0">(DE-627)696730197</subfield>
   <subfield code="0">(DE-576)213241935</subfield>
   <subfield code="a">Alba, María del Pilar Teresa Cayetana de Silva Alvárez de Toledo de</subfield>
   <subfield code="d">1762-1802</subfield>
   <subfield code="2">gnd</subfield>
  </datafield>
  <datafield tag="689" ind1="0" ind2="2">
   <subfield code="d">g</subfield>
   <subfield code="0">(DE-588)1220250686</subfield>
   <subfield code="0">(DE-627)1736598546</subfield>
   <subfield code="a">Palacio de Buenavista</subfield>
   <subfield code="g">Madrid</subfield>
   <subfield code="2">gnd</subfield>
  </datafield>
  <datafield tag="689" ind1="0" ind2="3">
   <subfield code="d">s</subfield>
   <subfield code="0">(DE-588)4241423-4</subfield>
   <subfield code="0">(DE-627)104720107</subfield>
   <subfield code="0">(DE-576)210437979</subfield>
   <subfield code="a">Wohnraum</subfield>
   <subfield code="2">gnd</subfield>
  </datafield>
  <datafield tag="689" ind1="0" ind2="4">
   <subfield code="d">s</subfield>
   <subfield code="0">(DE-588)4124432-1</subfield>
   <subfield code="0">(DE-627)10574784X</subfield>
   <subfield code="0">(DE-576)20956802X</subfield>
   <subfield code="a">Wanddekoration</subfield>
   <subfield code="2">gnd</subfield>
  </datafield>
  <datafield tag="689" ind1="0" ind2="5">
   <subfield code="d">s</subfield>
   <subfield code="0">(DE-588)4138356-4</subfield>
   <subfield code="0">(DE-627)105643300</subfield>
   <subfield code="0">(DE-576)209685352</subfield>
   <subfield code="a">Ausstattung</subfield>
   <subfield code="2">gnd</subfield>
  </datafield>
  <datafield tag="689" ind1="0" ind2=" ">
   <subfield code="5">(DE-627)</subfield>
  </datafield>
  <datafield tag="700" ind1="1" ind2=" ">
   <subfield code="a">Herrero Carretero, Concha</subfield>
   <subfield code="e">VerfasserIn</subfield>
   <subfield code="0">(DE-588)1048643794</subfield>
   <subfield code="0">(DE-627)780776046</subfield>
   <subfield code="0">(DE-576)402886437</subfield>
   <subfield code="4">aut</subfield>
  </datafield>
  <datafield tag="700" ind1="1" ind2=" ">
   <subfield code="a">Molina, Álvaro</subfield>
   <subfield code="e">VerfasserIn</subfield>
   <subfield code="0">(DE-588)1142546489</subfield>
   <subfield code="0">(DE-627)100224532X</subfield>
   <subfield code="0">(DE-576)49484311X</subfield>
   <subfield code="4">aut</subfield>
  </datafield>
  <datafield tag="700" ind1="1" ind2=" ">
   <subfield code="a">Vega, Jesusa</subfield>
   <subfield code="d">1957-</subfield>
   <subfield code="e">VerfasserIn</subfield>
   <subfield code="0">(DE-588)188459316</subfield>
   <subfield code="0">(DE-627)704743450</subfield>
   <subfield code="0">(DE-576)353269522</subfield>
   <subfield code="4">aut</subfield>
  </datafield>
  <datafield tag="700" ind1="1" ind2=" ">
   <subfield code="a">Grognard, François</subfield>
   <subfield code="d">1748-1823</subfield>
   <subfield code="e">VerfasserIn</subfield>
   <subfield code="0">(DE-588)1220250449</subfield>
   <subfield code="0">(DE-627)1736597612</subfield>
   <subfield code="4">aut</subfield>
  </datafield>
  <datafield tag="787" ind1="0" ind2="8">
   <subfield code="i">Rezensiert in</subfield>
   <subfield code="a">Rodríguez Peinado, Laura</subfield>
   <subfield code="t">[Rezension von: Concha Herrero Carretero; Álvaro Molina; Jesusa Vega, La decoración ideada por François Grognard para los apartamentos de la duquesa de Alba en el palacio de Buenevista]</subfield>
   <subfield code="d">2021</subfield>
   <subfield code="w">(DE-627)1774772531</subfield>
  </datafield>
  <datafield tag="787" ind1="0" ind2="8">
   <subfield code="i">Rezensiert in</subfield>
   <subfield code="a">Peña Velasco, Concepción de la</subfield>
   <subfield code="t">[Rezension von: Concha Herrero Carretero, Álvaro Molina, Jesusa Vega, La decoración ideada por François Grognard para los apartamentos de la duquesa de Alba en el palacio de Buenavista]</subfield>
   <subfield code="d">2021</subfield>
   <subfield code="w">(DE-627)1780535082</subfield>
  </datafield>
  <datafield tag="810" ind1="2" ind2=" ">
   <subfield code="a">Casa de Velázquez</subfield>
   <subfield code="t">Collection de la Casa de Velázquez</subfield>
   <subfield code="v">177</subfield>
   <subfield code="9">177</subfield>
   <subfield code="w">(DE-627)26901666X</subfield>
   <subfield code="w">(DE-576)030671779</subfield>
   <subfield code="w">(DE-600)1473557-X</subfield>
   <subfield code="x">1132-7340</subfield>
   <subfield code="7">ns</subfield>
  </datafield>
  <datafield tag="856" ind1="4" ind2="2">
   <subfield code="u">https://swbplus.bsz-bw.de/bsz173551067Xinh.htm</subfield>
   <subfield code="m">V:DE-576;B:DE-16</subfield>
   <subfield code="q">application/pdf</subfield>
   <subfield code="v">20201223153810</subfield>
   <subfield code="3">Inhaltsverzeichnis</subfield>
  </datafield>
  <datafield tag="936" ind1="b" ind2="k">
   <subfield code="a">21.84</subfield>
   <subfield code="j">Innenarchitektur</subfield>
   <subfield code="0">(DE-627)106410407</subfield>
  </datafield>
  <datafield tag="936" ind1="b" ind2="k">
   <subfield code="a">20.31</subfield>
   <subfield code="j">Bildende Künstler</subfield>
   <subfield code="0">(DE-627)181571080</subfield>
  </datafield>
  <datafield tag="951" ind1=" " ind2=" ">
   <subfield code="a">BO</subfield>
  </datafield>
  <datafield tag="990" ind1=" " ind2=" ">
   <subfield code="a">Grognard, François</subfield>
  </datafield>
  <datafield tag="990" ind1=" " ind2=" ">
   <subfield code="a">Alba, María del Pilar Teresa Cayetana de Silva Alvárez de Toledo de</subfield>
  </datafield>
  <datafield tag="990" ind1=" " ind2=" ">
   <subfield code="a">Palacio de Buenavista</subfield>
  </datafield>
  <datafield tag="990" ind1=" " ind2=" ">
   <subfield code="a">Wohnraum</subfield>
  </datafield>
  <datafield tag="990" ind1=" " ind2=" ">
   <subfield code="a">Wanddekoration</subfield>
  </datafield>
  <datafield tag="990" ind1=" " ind2=" ">
   <subfield code="a">Ausstattung</subfield>
  </datafield>
  <datafield tag="991" ind1=" " ind2=" ">
   <subfield code="a">Rezensiertes Werk</subfield>
  </datafield>
  <datafield tag="999" ind1=" " ind2=" ">
   <subfield code="a">KXP-PPN173551067X</subfield>
   <subfield code="e">4034442603</subfield>
  </datafield>
 </record>
</collection>
